| 000 | 01081nam0a22002531 4500 | ||
|---|---|---|---|
| 001 | rc\3925986 | ||
| 005 | 20130415111636.3 | ||
| 035 | _a(NLR Aleph) 007914503 | ||
| 090 |
_a8118383 _c8118383 |
||
| 100 | _a20130415d1949 |||y0rusy50 ca | ||
| 101 | 0 | _arus | |
| 102 | _aRU | ||
| 105 | _ay d ||||| | ||
| 200 | 1 |
_aИсследование процесса распыления жидкости быстро вращающимся диском _eРеф. к дисс. работе на соискание учен. степени канд. техн. наук _fМ-во мяс. и мол. пром. Азерб. ССР. Бакинск. ордена Труд. красного знамени мясокомбинат им. Л.П. Берия |
|
| 210 |
_aБаку _cБ. и. _d1949 |
||
| 215 |
_a[1], 21 л. _d29 |
||
| 300 | _aНапеч. на пиш. маш. | ||
| 300 | _aТекст на одной стороне листа | ||
| 700 | 1 |
_aАветиков _bГ. М. |
|
| 801 | 0 |
_aRU _bNLR _gpsbo |
|
| 801 | 1 |
_aRU _bELAR _2rusmarc |
|
| 852 |
_aNLR _jТ44 Г-8/282 |
||
| 942 | _cBOOK | ||
| 980 | _aNB | ||